00999cam a22002531 4500001001300000003000400013005001700017008004100034010001700075035001900092040005100111042001200162050002300174110004100197245009100238260005700329300003500386490005900421500008600480650004700566700002100613810009400634999001700728e 28000046 DLC20260227111218.0810212s1926 vau 000 0 eng c ae 28000046  a(OCoLC)7121534 aLibrary, U.S. Office of EducationcVidVidDLC apremarc00aLB1561.V8bA3 19261 aVirginia.bState Board of Education.10aState course of study, elementary schools of Virginia:bphysical and health education. aRichmond,bD. Bottom, Supt. of Public Print.,c1926. a163 p.billus. (music)c23 cm.1 aIts Bulletin.vvol. 9, no. 1. July, 1924. Suppl. no. 1 a"Prepared by Eliot V. Graves, state supervisor of physical education."--Foreword. 0aPhysical education and trainingzVirginia.1 aGraves, Eliot V.1 aVirginia.bState Board of Education.tBulletin.vvol. 9, no. 1. July, 1924. Suppl. no. 1. c20900d20900